[Event "BUL-chT 64th"]
[Site "Sunny Beach"]
[Date "2015.06.04"]
[Round "5.3"]
[White "Lalev, Dimitar"]
[Black "Marholev, Dimitar"]
[Result "1/2-1/2"]
[WhiteElo "2370"]
[BlackElo "2325"]
[PlyCount "60"]
[EventDate "2015.05.31"]
[EventType "team-tourn"]
[EventRounds "7"]
[EventCountry "BUL"]
[SourceTitle "CBM 166 Extra"]
[Source "ChessBase"]
[SourceDate "2015.06.18"]
[SourceVersion "1"]
[SourceVersionDate "2015.06.18"]
[SourceQuality "1"]
[WhiteTeam "Sofia Lokomotiv"]
[BlackTeam "Dupnitsa Marek Union"]
[WhiteTeamCountry "BUL"]
[BlackTeamCountry "BUL"]

1. c4 c5 2. Nc3 b6 3. e4 Nc6 4. g3 g6 5. Bg2 Bg7 6. Nge2 Bb7 7. d3 Nf6 8. h3 0-0 9. 0-0 Ne8 10. Kh2 Nc7 11. f4 Ne6 12. Be3 Ned4 13. Qd2 f5 14. Bg1 d6 15. Nxd4 Nxd4 16. Ne2 Nxe2 17. Qxe2 Qd7 18. exf5 Bxg2 19. Qxg2 gxf5 20. Rae1 Kh8 21. Re2 Rae8 22. Rfe1 e5 23. Qd5 Qe6 24. Qxe6 Rxe6 25. Kg2 Rg6 26. Kf3 h5 27. Be3 Kg8 28. Bd2 Re8 29. Bc3 Rge6 30. a4 Kf7 1/2-1/2

[Event "Valjevo Manojlovic Memorial"]
[Site "Valjevo"]
[Date "2015.05.11"]
[Round "4"]
[White "Lalev, Dimitar"]
[Black "Abramovic, Bosko"]
[Result "0-1"]
[WhiteElo "2370"]
[BlackElo "2455"]
[PlyCount "78"]
[EventDate "2015.05.09"]
[EventType "tourn"]
[EventRounds "9"]
[EventCountry "SRB"]
[EventCategory "6"]
[SourceTitle "CBM 166 Extra"]
[Source "ChessBase"]
[SourceDate "2015.06.18"]
[SourceVersion "1"]
[SourceVersionDate "2015.06.18"]
[SourceQuality "1"]

1. d4 Nf6 2. c4 e6 3. Nf3 b6 4. g3 Bb7 5. Bg2 Be7 6. Nc3 Ne4 7. Bd2 Nxd2 8. Qxd2 d6 9. 0-0 Nd7 10. d5 e5 11. e4 0-0 12. Ne1 a5 13. Nd3 Nc5 14. Nxc5 bxc5 15. a4 Bc8 16. Nb5 Bd7 17. Rae1 Bf6 18. Re2 h5 19. h4 g6 20. Re3 Bg7 21. Qe2 Bh6 22. Rd3 Kg7 23. Kh2 Bg4 24. Bf3 f5 25. Bxg4 hxg4 26. Kg2 Qd7 27. f3 gxf3+ 28. Rdxf3 f4 29. Kg1 fxg3 30. Rxf8 Rxf8 31. Rxf8 Kxf8 32. Kg2 Bf4 33. b3 Kg7 34. Qf3 Kh6 35. Qd1 g5 36. hxg5+ Kxg5 37. Nc3 Qh7 38. Qh1 Qxh1+ 39. Kxh1 Bd2 0-1

[Event "BUL-chT 64th"]
[Site "Sunny Beach"]
[Date "2014.09.24"]
[Round "6.2"]
[White "Lalev, Dimitar"]
[Black "Rusev, Krasimir"]
[Result "0-1"]
[WhiteElo "2376"]
[BlackElo "2538"]
[PlyCount "68"]
[EventDate "2014.09.19"]
[EventType "team-tourn"]
[EventRounds "7"]
[EventCountry "BUL"]
[SourceTitle "CBM 162 Extra"]
[Source "ChessBase"]
[SourceDate "2014.10.17"]
[SourceVersion "1"]
[SourceVersionDate "2014.10.17"]
[SourceQuality "1"]
[WhiteTeam "Sofia Lokomotiv"]
[BlackTeam "Razgrad Abritus"]
[WhiteTeamCountry "BUL"]
[BlackTeamCountry "BUL"]

1. d4 Nf6 2. c4 e6 3. Nf3 Bb4+ 4. Bd2 Qe7 5. g3 Nc6 6. Bg2 0-0 7. Nc3 Na5 8. b3 b6 9. 0-0 Bb7 10. d5 c6 11. dxc6 Bxc6 12. Ne5 Bxg2 13. Kxg2 d5 14. cxd5 Rac8 15. Rc1 Ba3 16. Rc2 Qc7 17. Nc6 Nxc6 18. Nb5 Qe5 19. Nxa3 Qxd5+ 20. f3 Nd4 21. Rxc8 Rxc8 22. Be3 Nf5 23. Bf2 Qa5 24. g4 Qxa3 25. gxf5 exf5 26. Qd2 Qe7 27. Rd1 h6 28. Qd3 Qe6 29. Rd2 Re8 30. Kf1 f4 31. Qd6 Qh3+ 32. Kg1 Qf5 33. Qc7 Nd5 34. Qxa7 Re5 0-1

[Event "BUL-chT 64th"]
[Site "Sunny Beach"]
[Date "2014.09.20"]
[Round "2.2"]
[White "Nikolov, Jordan"]
[Black "Lalev, Dimitar"]
[Result "1/2-1/2"]
[WhiteElo "2042"]
[BlackElo "2376"]
[PlyCount "63"]
[EventDate "2014.09.19"]
[EventType "team-tourn"]
[EventRounds "7"]
[EventCountry "BUL"]
[SourceTitle "CBM 162 Extra"]
[Source "ChessBase"]
[SourceDate "2014.10.17"]
[SourceVersion "1"]
[SourceVersionDate "2014.10.17"]
[SourceQuality "1"]
[WhiteTeam "Pernik Yuriy Benderev"]
[BlackTeam "Sofia Lokomotiv"]
[WhiteTeamCountry "BUL"]
[BlackTeamCountry "BUL"]

1. e4 c5 2. c3 Nf6 3. e5 Nd5 4. Nf3 d6 5. exd6 e6 6. g3 Nc6 7. d4 Bxd6 8. Bg2 0-0 9. 0-0 cxd4 10. Nxd4 Nxd4 11. Qxd4 Qc7 12. Nd2 Bd7 13. Ne4 Be5 14. Qc5 Bc6 15. f4 b6 16. Qc4 Bd6 17. f5 exf5 18. Rxf5 Ne7 19. Nxd6 Qxd6 20. Bf4 Qd7 21. Bxc6 Nxc6 22. Rd5 Qe6 23. Qd3 Rad8 24. Rd1 h6 25. Qf3 Rxd5 26. Rxd5 Re8 27. Rd1 Ne5 28. Qd5 Qg4 29. Rf1 Qh5 30. Bxe5 Rxe5 31. Qd8+ Kh7 32. Qd3+ 1/2-1/2

[Event "BUL-chT 64th"]
[Site "Sunny Beach"]
[Date "2014.09.19"]
[Round "1.2"]
[White "Lalev, Dimitar"]
[Black "Stefanov, Emil"]
[Result "1-0"]
[WhiteElo "2376"]
[BlackElo "2006"]
[PlyCount "21"]
[EventDate "2014.09.19"]
[EventType "team-tourn"]
[EventRounds "7"]
[EventCountry "BUL"]
[SourceTitle "CBM 162 Extra"]
[Source "ChessBase"]
[SourceDate "2014.10.17"]
[SourceVersion "1"]
[SourceVersionDate "2014.10.17"]
[SourceQuality "1"]
[WhiteTeam "Sofia Lokomotiv"]
[BlackTeam "Vidin Nayden Voynov"]
[WhiteTeamCountry "BUL"]
[BlackTeamCountry "BUL"]

1. c4 e5 2. Nc3 d6 3. g3 Nc6 4. Bg2 g6 5. e3 Be6 6. Nd5 Bg7 7. Ne2 Qd7 8. d4 Nd8 9. e4 Nc6 10. Be3 Nf6 11. Nxf6+ 1-0

[Event "BUL-chT GpA 63rd"]
[Site "Sunny Beach"]
[Date "2013.09.19"]
[Round "1.6"]
[White "Gochev, Mladen"]
[Black "Lalev, Dimitar"]
[Result "1/2-1/2"]
[WhiteElo "2258"]
[BlackElo "2376"]
[PlyCount "61"]
[EventDate "2013.09.19"]
[EventType "team-tourn"]
[EventRounds "7"]
[EventCountry "BUL"]
[SourceTitle "CBM 156 Extra"]
[Source "ChessBase"]
[SourceDate "2013.10.22"]
[SourceVersion "1"]
[SourceVersionDate "2013.10.22"]
[SourceQuality "1"]
[WhiteTeam "Dupnitsa Marek Union"]
[BlackTeam "Plovdiv Lokomotiv"]
[WhiteTeamCountry "BUL"]
[BlackTeamCountry "BUL"]

1. d4 Nf6 2. Nf3 g6 3. Nbd2 d5 4. e3 Bg7 5. b4 0-0 6. Bb2 b6 7. Be2 Ba6 8. b5 Bb7 9. 0-0 Nbd7 10. c4 dxc4 11. Nxc4 c5 12. Qb3 Qc7 13. Rac1 Rac8 14. Nfe5 Nxe5 15. dxe5 Nd7 16. f4 Rfd8 17. Rfd1 Nf8 18. a4 Rxd1+ 19. Rxd1 Rd8 20. Bf3 Bxf3 21. gxf3 Rxd1+ 22. Qxd1 Qd7 23. Qxd7 Nxd7 24. Kf2 Bf8 25. Ke2 e6 26. Kd3 Be7 27. a5 Kf8 28. axb6 axb6 29. Bc3 Ke8 30. Bb2 Kd8 31. Bc3 1/2-1/2

[Event "BUL-chT-B 62nd"]
[Site "Sunny Beach"]
[Date "2012.09.22"]
[Round "4.2"]
[White "Mladenov, Ilian"]
[Black "Lalev, Dimitar"]
[Result "1/2-1/2"]
[WhiteElo "2235"]
[BlackElo "2377"]
[PlyCount "60"]
[EventDate "2012.09.19"]
[EventType "team-swiss"]
[EventRounds "7"]
[EventCountry "BUL"]
[SourceTitle "CBM 150 Extra"]
[Source "ChessBase"]
[SourceDate "2012.10.19"]
[SourceVersion "1"]
[SourceVersionDate "2012.10.19"]
[SourceQuality "1"]
[WhiteTeam "Pleven Spartak XXI"]
[BlackTeam "Shumen 2005"]
[WhiteTeamCountry "BUL"]
[BlackTeamCountry "BUL"]

1. d4 g6 2. e4 d6 3. g3 Bg7 4. Bg2 c5 5. c3 cxd4 6. cxd4 Nc6 7. d5 Ne5 8. Nc3 Bg4 9. Qc2 Rc8 10. h3 Bd7 11. Nf3 Nxf3+ 12. Bxf3 Nf6 13. a4 0-0 14. Kf1 Qa5 15. Qb3 b5 16. Kg2 bxa4 17. Nxa4 Rb8 18. Qa3 Rfc8 19. Nc3 Qxa3 20. Rxa3 Rc7 21. Rd1 Ne8 22. Rd3 Rbb7 23. Rd1 Kf8 24. g4 Rc4 25. Be2 Rcb4 26. Ba6 Rc7 27. Bd3 h6 28. Re1 g5 29. Re2 Ba4 30. Rc2 Kg8 1/2-1/2

[Event "BUL-ch 75th"]
[Site "Bankia"]
[Date "2011.04.19"]
[Round "11"]
[White "Rusev, Krasimir"]
[Black "Lalev, Dimitar"]
[Result "1-0"]
[WhiteElo "2536"]
[BlackElo "2389"]
[PlyCount "81"]
[EventDate "2011.04.11"]
[EventType "tourn"]
[EventRounds "13"]
[EventCountry "BUL"]
[EventCategory "11"]
[SourceTitle "CBM 141 Extra"]
[Source "ChessBase"]
[SourceDate "2011.05.03"]
[SourceVersion "1"]
[SourceVersionDate "2011.05.03"]
[SourceQuality "1"]

1. d4 d5 2. c4 dxc4 3. e3 e5 4. Bxc4 exd4 5. exd4 Nf6 6. Nf3 Be7 7. 0-0 0-0 8. Nc3 c6 9. Re1 Nbd7 10. Bb3 Nb6 11. Ne5 Nbd5 12. Qf3 Be6 13. Bg5 Nc7 14. Bc2 Qxd4 15. Rad1 Qb4 16. Bxf6 Bxf6 17. Nd7 Bxd7 18. Rxd7 Nd5 19. a3 Qxb2 20. Qd3 g6 21. Nxd5 cxd5 22. Rb1 Qd4 23. Rbxb7 Rac8 24. g3 Rc3 25. Qe2 Qc4 26. Qxc4 dxc4 27. Be4 Rb3 28. Rxa7 c3 29. Rxf7 Rxf7 30. Rxf7 Kxf7 31. Bd5+ Ke7 32. Bxb3 Kd6 33. Kf1 Kc5 34. Ke2 Kd4 35. h4 g5 36. hxg5 Bxg5 37. Bc2 Kd5 38. f4 Be7 39. a4 h5 40. g4 h4 41. Kf3 1-0

[Event "BUL-ch 75th"]
[Site "Bankia"]
[Date "2011.04.18"]
[Round "10"]
[White "Lalev, Dimitar"]
[Black "Enchev, Ivajlo"]
[Result "0-1"]
[WhiteElo "2389"]
[BlackElo "2431"]
[PlyCount "64"]
[EventDate "2011.04.11"]
[EventType "tourn"]
[EventRounds "13"]
[EventCountry "BUL"]
[EventCategory "11"]
[SourceTitle "CBM 141 Extra"]
[Source "ChessBase"]
[SourceDate "2011.05.03"]
[SourceVersion "1"]
[SourceVersionDate "2011.05.03"]
[SourceQuality "1"]

1. d4 Nf6 2. c4 e6 3. Nc3 Bb4 4. e3 b6 5. Bd3 Bb7 6. Nf3 Ne4 7. Qc2 Bxc3+ 8. bxc3 f5 9. 0-0 0-0 10. Ne1 c5 11. a4 Nc6 12. Bxe4 fxe4 13. Qxe4 Na5 14. Qg4 Rf6 15. Qe2 Ba6 16. Nd3 Bxc4 17. Ba3 Nb3 18. Rab1 d5 19. dxc5 bxc5 20. Rfe1 Qe8 21. Qd1 Bxd3 22. Qxd3 c4 23. Qe2 Qxa4 24. Bd6 Qc6 25. Be5 Rf7 26. Qg4 a5 27. h4 Nc5 28. Re2 Nd3 29. Bg3 a4 30. Ra2 e5 31. Rba1 Rd7 32. Qe2 a3 0-1

[Event "BUL-ch 75th"]
[Site "Bankia"]
[Date "2011.04.14"]
[Round "4"]
[White "Lalev, Dimitar"]
[Black "Berbatov, Kiprian"]
[Result "0-1"]
[WhiteElo "2389"]
[BlackElo "2454"]
[PlyCount "56"]
[EventDate "2011.04.11"]
[EventType "tourn"]
[EventRounds "13"]
[EventCountry "BUL"]
[EventCategory "11"]
[SourceTitle "CBM 141 Extra"]
[Source "ChessBase"]
[SourceDate "2011.05.03"]
[SourceVersion "1"]
[SourceVersionDate "2011.05.03"]
[SourceQuality "1"]

1. Nf3 Nf6 2. g3 g6 3. b3 Bg7 4. Bb2 d6 5. d4 c5 6. Bg2 cxd4 7. Nxd4 d5 8. c4 dxc4 9. bxc4 Qb6 10. Qb3 Nfd7 11. Nb5 Bxb2 12. Qxb2 0-0 13. N1c3 a6 14. Nd5 Qd8 15. Nbc3 e6 16. Ne3 Nc5 17. 0-0 f5 18. Rad1 Qc7 19. Rd2 Nc6 20. Rfd1 Bd7 21. Ncd5 exd5 22. cxd5 Na5 23. d6 Qd8 24. Qe5 Ne6 25. Nd5 Nc4 26. Ne7+ Kf7 27. Qd5 Qb6 28. h4 Bc6 0-1

[Event "BUL-ch sf 75th"]
[Site "Plovdiv"]
[Date "2011.02.09"]
[Round "4"]
[White "Ivanov, Borislav"]
[Black "Lalev, Dimitar"]
[Result "0-1"]
[WhiteElo "2201"]
[BlackElo "2384"]
[PlyCount "72"]
[EventDate "2011.02.07"]
[EventType "swiss"]
[EventRounds "9"]
[EventCountry "BUL"]
[SourceTitle "CBM 140 Extra"]
[Source "ChessBase"]
[SourceDate "2011.03.01"]
[SourceVersion "1"]
[SourceVersionDate "2011.03.01"]
[SourceQuality "1"]

1. d4 g6 2. c4 Nf6 3. Nc3 d5 4. cxd5 Nxd5 5. e4 Nxc3 6. bxc3 Bg7 7. Bc4 0-0 8. Ne2 Nc6 9. 0-0 Na5 10. Bd3 e5 11. d5 b6 12. Ba3 Re8 13. Bb5 c6 14. dxc6 Qxd1 15. Rfxd1 a6 16. Ba4 Be6 17. Bb4 Nc4 18. c7 b5 19. Bb3 Rac8 20. Bd6 Bf8 21. Bxc4 Bxc4 22. Ng3 Bxd6 23. Rxd6 Rxc7 24. Nf1 Bxf1 25. Rxf1 Ra8 26. Rc1 Rc4 27. f3 b4 28. Rb6 bxc3 29. Rc2 Rd8 30. Kf2 Rcd4 31. Rxc3 Rd2+ 32. Kg3 Rxa2 33. Rc7 Rdd2 34. Rbb7 Rxg2+ 35. Kh4 Rg1 36. Kh3 Rh1 0-1

[Event "BUL-chT2"]
[Site "Sunny Beach"]
[Date "2009.06.13"]
[Round "6.2"]
[White "Lalev, Dimitar"]
[Black "Kanazirev, Pavel"]
[Result "1-0"]
[WhiteElo "2409"]
[BlackElo "2104"]
[PlyCount "81"]
[EventDate "2009.06.08"]
[EventType "team-swiss"]
[EventRounds "7"]
[EventCountry "BUL"]
[SourceTitle "CBM 130 Extra"]
[Source "ChessBase"]
[SourceDate "2009.07.02"]
[SourceVersion "2"]
[SourceVersionDate "2009.07.15"]
[SourceQuality "1"]

1. d4 Nf6 2. c4 e6 3. Nf3 d5 4. Nc3 Nbd7 5. Bg5 Bb4 6. cxd5 exd5 7. Rc1 0-0 8. a3 Bxc3+ 9. Rxc3 c6 10. Nd2 Re8 11. e3 c5 12. dxc5 d4 13. Rc1 dxe3 14. Bxe3 Nd5 15. Nc4 Nxc5 16. Be2 Nxe3 17. Nxe3 Qxd1+ 18. Rxd1 Be6 19. b4 Nb3 20. Bf3 Rad8 21. Bxb7 Rxd1+ 22. Kxd1 Rd8+ 23. Kc2 Rd2+ 24. Kc3 Rxf2 25. Rd1 g5 26. Bd5 Re2 27. Nc2 Bxd5 28. Rxd5 Nc1 29. Kb2 Nd3+ 30. Rxd3 Rxg2 31. Rg3 Rxg3 32. hxg3 h5 33. Ne3 h4 34. g4 h3 35. Nf5 h2 36. Ng3 Kf8 37. Kc3 Ke7 38. Kd4 Kd6 39. b5 Kc7 40. Kc5 Kb7 41. a4 1-0

[Event "BUL-chT2"]
[Site "Sunny Beach"]
[Date "2009.06.12"]
[Round "5.1"]
[White "Bojchev, Marian"]
[Black "Lalev, Dimitar"]
[Result "1/2-1/2"]
[WhiteElo "2387"]
[BlackElo "2409"]
[PlyCount "61"]
[EventDate "2009.06.08"]
[EventType "team-swiss"]
[EventRounds "7"]
[EventCountry "BUL"]
[SourceTitle "CBM 130 Extra"]
[Source "ChessBase"]
[SourceDate "2009.07.02"]
[SourceVersion "2"]
[SourceVersionDate "2009.07.15"]
[SourceQuality "1"]

1. c4 c6 2. Nf3 d5 3. b3 Bg4 4. e3 e6 5. Bb2 Nf6 6. Be2 Nbd7 7. h3 Bxf3 8. Bxf3 Bd6 9. cxd5 cxd5 10. Nc3 a6 11. 0-0 0-0 12. Rc1 Qe7 13. Rc2 Rfc8 14. Qb1 Rc7 15. Rfc1 Rac8 16. d4 Ba3 17. Na4 Rxc2 18. Rxc2 Rxc2 19. Bxa3 Qxa3 20. Qxc2 Nf8 21. Qb2 Qxb2 22. Nxb2 N8d7 23. Kf1 Kf8 24. Ke2 Ke7 25. Nd3 Kd6 26. h4 b6 27. g3 a5 28. a4 h6 29. Kd2 Ng8 30. Kc3 Ne7 31. Nf4 1/2-1/2

[Event "BUL-chT2 58th"]
[Site "Borovetz"]
[Date "2008.10.06"]
[Round "6.4"]
[White "Ninov, Ventsislav"]
[Black "Lalev, Dimitar"]
[Result "1/2-1/2"]
[WhiteElo "2256"]
[BlackElo "2412"]
[PlyCount "129"]
[EventDate "2008.10.01"]
[EventType "team-swiss"]
[EventRounds "7"]
[EventCountry "BUL"]
[SourceTitle "CBM 126 Extra"]
[Source "ChessBase"]
[SourceDate "2008.11.05"]
[SourceVersion "1"]
[SourceVersionDate "2008.11.05"]
[SourceQuality "1"]

1. e4 c5 2. Nf3 Nc6 3. c3 d5 4. exd5 Qxd5 5. d4 Nf6 6. Na3 e6 7. Nc2 cxd4 8. Ncxd4 Bc5 9. Be2 0-0 10. 0-0 b6 11. c4 Qd7 12. Nxc6 Qxc6 13. Ne5 Qc7 14. Bf3 Bb7 15. Bxb7 Qxb7 16. Qf3 Qxf3 17. Nxf3 Ne4 18. Be3 Bxe3 19. fxe3 Rac8 20. Rac1 Rfd8 21. Rfd1 Kf8 22. b3 Rxd1+ 23. Rxd1 Ke7 24. Kf1 f6 25. Rd4 Nc3 26. a4 e5 27. Rd2 Ne4 28. Rd5 Rc5 29. Rd3 Rc6 30. Nd2 Nxd2+ 31. Rxd2 Rd6 32. Ke2 Rxd2+ 33. Kxd2 Kd6 34. b4 f5 35. h4 g6 36. c5+ bxc5 37. b5 h6 38. a5 g5 39. h5 f4 40. exf4 exf4 41. Kd3 Kd5 42. Kc3 g4 43. a6 f3 44. gxf3 gxf3 45. b6 f2 46. bxa7 f1Q 47. a8Q+ Ke5 48. Qe8+ Kd5 49. Qd7+ Ke5 50. Qg7+ Kd5 51. Qg8+ Kd6 52. Qg6+ Ke5 53. Qg3+ Ke4 54. Qg4+ Ke5 55. Qg7+ Kd5 56. Qb7+ Ke5 57. Qb8+ Kd5 58. Qb3+ Ke5 59. Qa3 Qf3+ 60. Kb2 Qe2+ 61. Ka1 Qf1+ 62. Ka2 Qc4+ 63. Kb2 Qe2+ 64. Kb3 Qd3+ 65. Kb2 1/2-1/2

[Event "Belgrade Trophy 19th"]
[Site "Belgrade"]
[Date "2006.11.28"]
[Round "7"]
[White "Lalev, Dimitar"]
[Black "Rajkovic, Dusan"]
[Result "0-1"]
[WhiteElo "2409"]
[BlackElo "2506"]
[PlyCount "114"]
[EventDate "2006.11.22"]
[EventType "swiss"]
[EventRounds "9"]
[EventCountry "YUG"]
[SourceTitle "CBM 115 Extra"]
[Source "ChessBase"]
[SourceDate "2007.01.10"]
[SourceVersion "1"]
[SourceVersionDate "2007.01.10"]
[SourceQuality "1"]

1. c4 Nf6 2. Nc3 c5 3. Nf3 b6 4. e4 d6 5. d4 cxd4 6. Nxd4 Bb7 7. f3 e6 8. Be2 a6 9. 0-0 Nbd7 10. Be3 Be7 11. a4 Rb8 12. a5 bxa5 13. Qa4 0-0 14. Qxa5 Qc8 15. Qa2 Re8 16. Rfc1 Ba8 17. Rab1 Rb4 18. Nc2 Rb8 19. Bf2 Bd8 20. b4 Bb7 21. Nd4 Ne5 22. c5 dxc5 23. Na4 c4 24. Bxc4 Nxc4 25. Rxc4 Qd7 26. Nc5 Qe7 27. Nxb7 Qxb7 28. Nc6 Rc8 29. Qc2 h6 30. Rc1 Ra8 31. Nxd8 Rexd8 32. h3 Qb5 33. Bc5 Rd7 34. Bd4 Rad8 35. Bxf6 gxf6 36. Qf2 Rd1+ 37. Kh2 Rxc1 38. Rxc1 Qxb4 39. Qg3+ Kf8 40. Rc7 Qd6 41. Ra7 Qb6 42. Rc7 Qb8 43. h4 a5 44. Kh3 Rc8 45. Rxc8+ Qxc8 46. Qd6+ Kg7 47. e5 Qc3 48. exf6+ Qxf6 49. Qc6 Qd4 50. Qc7 Qd5 51. Qc3+ Kh7 52. g4 Kg8 53. Qc8+ Kg7 54. Qc3+ e5 55. Kh2 a4 56. Qb4 Qb3 57. Qd6 Qe3 0-1

[Event "Belgrade Trophy 19th"]
[Site "Belgrade"]
[Date "2006.11.27"]
[Round "6"]
[White "Miladinovic, Igor"]
[Black "Lalev, Dimitar"]
[Result "1/2-1/2"]
[WhiteElo "2598"]
[BlackElo "2409"]
[PlyCount "81"]
[EventDate "2006.11.22"]
[EventType "swiss"]
[EventRounds "9"]
[EventCountry "YUG"]
[SourceTitle "CBM 115 Extra"]
[Source "ChessBase"]
[SourceDate "2007.01.10"]
[SourceVersion "1"]
[SourceVersionDate "2007.01.10"]
[SourceQuality "1"]

1. d4 d5 2. c4 c6 3. cxd5 cxd5 4. Nc3 Nf6 5. Bf4 Nc6 6. e3 g6 7. Rc1 Bg7 8. Bd3 0-0 9. h3 e5 10. dxe5 Nd7 11. e6 fxe6 12. Bg3 Nde5 13. Nge2 Nxd3+ 14. Qxd3 Ne5 15. Qd1 Bd7 16. 0-0 Rc8 17. e4 dxe4 18. Nxe4 Bc6 19. Nc5 Qe7 20. Nf4 Bxg2 21. Kxg2 Rxc5 22. Qb3 Rxc1 23. Rxc1 Re8 24. Re1 Qf7 25. Re4 Qf5 26. Ra4 b6 27. Rxa7 Bh6 28. Ra4 Nd7 29. Rd4 Nc5 30. Qc4 Kh8 31. b4 e5 32. Rd5 Qe4+ 33. Qxe4 Nxe4 34. Ne2 Nxg3 35. Nxg3 e4 36. Ne2 e3 37. f4 Bxf4 38. Nxf4 e2 39. Nd3 e1Q 40. Nxe1 Rxe1 41. a4 1/2-1/2

[Event "Belgrade Trophy 19th"]
[Site "Belgrade"]
[Date "2006.11.24"]
[Round "3"]
[White "Katic, Goran"]
[Black "Lalev, Dimitar"]
[Result "0-1"]
[WhiteElo "2056"]
[BlackElo "2409"]
[PlyCount "80"]
[EventDate "2006.11.22"]
[EventType "swiss"]
[EventRounds "9"]
[EventCountry "YUG"]
[SourceTitle "CBM 115 Extra"]
[Source "ChessBase"]
[SourceDate "2007.01.10"]
[SourceVersion "1"]
[SourceVersionDate "2007.01.10"]
[SourceQuality "1"]

1. e4 c5 2. c3 Nf6 3. e5 Nd5 4. d4 cxd4 5. Nf3 Nc6 6. Bc4 e6 7. cxd4 d6 8. 0-0 Be7 9. exd6 Qxd6 10. Nc3 Nxc3 11. bxc3 0-0 12. Be3 b6 13. Be2 Bb7 14. c4 Bf6 15. c5 Qd5 16. cxb6 axb6 17. Qb3 Qxb3 18. axb3 Rxa1 19. Rxa1 Rd8 20. Rd1 Ne7 21. Ne5 Nf5 22. Bf3 Bxf3 23. Nxf3 h5 24. Kf1 e5 25. d5 Nd4 26. Bxd4 exd4 27. Ke2 Rxd5 28. Kd3 Rb5 29. Nxd4 Bxd4 30. Kxd4 Rxb3 31. Rd2 b5 32. h3 Kh7 33. Re2 Kg6 34. Kc5 f6 35. Ra2 Kf5 36. Re2 g5 37. Kd5 h4 38. Rd2 Rb1 39. Re2 Rg1 40. f3 Kf4 0-1